000 00531nmm a2200169Ia 4500
008 251105s9999||||xx |||||||||||||||||und||
020 _a9788497426497
041 _aspa
100 _aForner, Salvador (Ed.)
245 0 _aLa construcción de Europa :
_b De las guerras civiles a la unificación
264 _a[Madrid, España] :
_bBiblioteca Nueva,
_c2007
300 _a320 páginas
490 _aHistoria Biblioteca Nueva
650 _aHistory of Europe
856 _uhttps://public.digitaliapublishing.com/a/22
942 _cCF
999 _c90320
_d90320